[Event "FRA-ch Blitz Online Qual"]
[Site "Europe Echecs INT"]
[Date "2020.05.16"]
[Round "4"]
[White "Labelle, Ambroise"]
[Black "Moindjie, Nassuf"]
[Result "1-0"]
[WhiteElo "1952"]
[BlackElo "1471"]
[PlyCount "55"]
[EventDate "2020.05.16"]
[EventType "swiss (blitz)"]
[EventRounds "15"]
[EventCountry "FRA"]
[SourceTitle "CBM 196 Extra"]
[Source "ChessBase"]
[SourceDate "2020.07.31"]
[SourceVersion "1"]
[SourceVersionDate "2020.07.31"]
[SourceQuality "1"]

1. e4 c5 2. Nf3 Nc6 3. Bb5 g6 4. 0-0 Bg7 5. c3 e6 6. d4 cxd4 7. cxd4 Nge7 8. Nc3 0-0 9. Bg5 Qb6 10. Be3 Qd8 11. Re1 a6 12. Bf1 b5 13. a3 Bb7 14. Qd2 Re8 15. Bg5 f6 16. Bh6 g5 17. Bxg7 Kxg7 18. b4 Ng6 19. h3 h5 20. g3 g4 21. Nh2 Qb6 22. Rad1 e5 23. Nd5 Qd8 24. hxg4 Nxd4 25. gxh5 Ne7 26. Bg2 Rh8 27. Ng4 Rxh5 28. Ndxf6 1-0